000
00287nam a2200109Ia 4500
008
220204s9999 xx 000 0 und d
082
_a
82-3
_b
DIC
100
_a
Dickens, Charles
245
2
_a
A Tale of two cities (Illustrated)
260
_a
Noida
_b
Tinytot Publications
_c
2012
942
_c
BK
999
_c
44665
_d
44665